000 00442nam a2200169Ia 4500
008 230718s9999 xx 000 0 und d
041 _aeng
082 _a005.14
_bFEN
100 _aFenton N.E.
245 _aSoftware Metrics
_bA Rigorous And Practical Approach
250 _a2nd.ed.
260 _c1997
_bThomson Publication
300 _a638
365 _cRs.
700 _aFenton N.E. & Pfleeger S.L.
906 _dB:-13-Oct-2005
_cCOMP
999 _c308982
_d308982